000 00960nam a2200289Ia 4500
003 OSt
005 20220928115653.0
006 a|||||r|||| 00| 0
007 ta
008 220927b |||||||| |||| 00| 0 eng d
020 _cUSD 103.95
024 _a134961
037 _b53, 07/03/2017, Aviva Books Company
_cTextual
040 _aSDCL
_cSDCL
_beng
041 _2eng
_aeng
082 _aS:44(L:4:51), Q6
100 _aMerrill Ray M.
_9445424
245 0 _aBehavioral epidemiology
_b Principles and applications
260 _aBurlington
_bJones and Bartlett Learning
_c2016
300 _axi,298p.
_ccm.
650 _aApplied Psychology
700 _a Frankenfeld Cara
_9445425
700 _a Freeborne Nancyh
_9445426
700 _a Mink Michael
_9445427
942 _hS:44(L:4:51), Q6
_cTEXL
_2CC
999 _c760374
_d760374